<?xml version="1.0" encoding="UTF-8"?>
<marc:record xmlns:marc="http://www.loc.gov/MARC21/slim">
   <marc:leader>00000nam a2200000 a 4500</marc:leader>
   <marc:datafield ind1="1" ind2=" " tag="100">
      <marc:subfield code="a">Brezina, Thomas</marc:subfield>
      <marc:subfield code="4">aut</marc:subfield>
      <marc:subfield code="e">Verfasser/-in</marc:subfield>
   </marc:datafield>
   <marc:datafield ind1="0" ind2="0" tag="245">
      <marc:subfield code="a">Sisis Gift aus Griechenland</marc:subfield>
   </marc:datafield>
   <marc:datafield ind1="0" ind2="0" tag="245">
      <marc:subfield code="c">Brezina, Thomas</marc:subfield>
   </marc:datafield>
   <marc:datafield ind1=" " ind2="1" tag="264">
      <marc:subfield code="a">Wien</marc:subfield>
      <marc:subfield code="b">edition a</marc:subfield>
      <marc:subfield code="c">2024</marc:subfield>
   </marc:datafield>
   <marc:datafield ind1="1" ind2=" " tag="490">
      <marc:subfield code="a">Sisi</marc:subfield>
      <marc:subfield code="v">4</marc:subfield>
   </marc:datafield>
   <marc:datafield ind1=" " ind2=" " tag="250">
      <marc:subfield code="a">1. Auflage</marc:subfield>
   </marc:datafield>
   <marc:datafield ind1="1" ind2=" " tag="520">
      <marc:subfield code="a">Sisi ermittelt auf Korfu und trifft Queen Victoria in London&#xD;
Auf der griechischen Insel Korfu kann Sisi die kaiserlichen Pflichten vergessen und ganz sie selbst sein. Eine Frau, die als Medium mit der Totenwelt in Kontakt steht, erzählt Sisi, dass ihr Leben von dem "Gift aus Griechenland" bedroht wird. Doch kann sie der Frau vertrauen? Und was steckt hinter diesem geheimnisvollen Gift? Als ihre rebellische Schwester Marie zu Besuch kommt und einen mysteriösen britischen Gentleman kennenlernt, überschlagen sich die Ereignisse: Der Mann wird tot aufgefunden und Marie kann sich an nichts mehr erinnern. Um den Fall zu klären und ihrer Schwester zu helfen, reist Sisi mit ihrem Gatten Kaiser Franz Joseph nach London, zu einem Besuch bei Queen Victoria. In England kommt sie einem schrecklichen Geheimnis auf die Spur ... Bald schon ist klar, dass es eine ganz besondere Frau wie Sisi benötigt, um die Wahrheit ans Licht zu bringen.</marc:subfield>
   </marc:datafield>
   <marc:datafield ind1=" " ind2=" " tag="020">
      <marc:subfield code="a">9783990017494</marc:subfield>
      <marc:subfield code="9">9783990017494</marc:subfield>
   </marc:datafield>
   <marc:datafield ind1=" " ind2=" " tag="041">
      <marc:subfield code="a">ger</marc:subfield>
   </marc:datafield>
   <marc:datafield ind1="0" ind2=" " tag="490">
      <marc:subfield code="v">4</marc:subfield>
   </marc:datafield>
   <marc:datafield ind1=" " ind2=" " tag="300">
      <marc:subfield code="a">347 Seiten</marc:subfield>
   </marc:datafield>
</marc:record>
